[Event "Petrov Memorial op"]
[Site "St Petersburg"]
[Date "2000.02.07"]
[Round "1"]
[White "Kashtanov, Ruslan"]
[Black "Popov, Valerij"]
[Result "0-1"]
[WhiteElo "2325"]
[BlackElo "2534"]
[Annotator "Ftacnik,L"]
[PlyCount "76"]
[EventDate "2000.02.05"]
[EventType "swiss"]
[EventRounds "9"]
[EventCountry "RUS"]
[SourceTitle "CBM 076"]
[Source "ChessBase"]
[SourceDate "2000.05.31"]
[SourceVersion "1"]
[SourceVersionDate "2000.05.31"]
[SourceQuality "1"]

1. e4 c5 2. Nf3 d6 3. d4 Nf6 4. Nc3 cxd4 5. Nxd4 a6 6. f3 e5 7. Nb3 Be6 8. Be3
Be7 9. Qd2 h5 10. a4 Nbd7 11. a5 Rc8 12. Be2 Qc7 13. O-O O-O 14. Rfd1 Rfd8 15.
Qe1 (15. Nc1 d5 16. Nxd5 Bxd5 17. exd5 Qxc2 18. d6 Bf8 19. Na2 Qxd2 20. Rxd2
Rc6 21. Rad1 Nb8 22. Ba7 Rcxd6 23. Rxd6 Bxd6 24. Nc3 Nc6 {0-1 Hracek,Z-Ftacnik,
L/Germany/1999/ (40)}) 15... Qc6 (15... Nc5 16. Nxc5 dxc5 17. Rxd8+ Qxd8 18.
Na4 c4 19. Nb6 Bc5 20. Qf2 Bxe3 21. Qxe3 Rc6 22. Rd1 Qf8 23. Kf2 Qc5 24. Qxc5
Rxc5 {1/2-1/2 Rytshagov,M-Gadjilu,R/Elista/1998/ (53)}) (15... g6 16. Rd2 Nc5
17. Nxc5 dxc5 18. Rxd8+ Bxd8 19. b3 c4 20. b4 Be7 21. Na4 Nd7 22. c3 {1/2-1/2
Feher,G-Krutti,V/Budapest/1999/ (46)}) 16. Rac1 (16. Qd2 Qc7 $5) 16... d5 $1 {
Black has achieved great success with the exchange of his backward d6 pawn,
all his pieces are in the center.} 17. exd5 Nxd5 (17... Bxd5 18. Nxd5 Nxd5 19.
Bd2 Qf6 $11) 18. Nxd5 Bxd5 19. c4 Be6 20. Qc3 h4 (20... Qa4 21. Qc2 $11) 21. f4
(21. Nd2 h3 22. g3 Nf6 $15) 21... h3 22. Bf3 (22. Bf1 exf4 23. Bxf4 Nc5 (23...
Bf6 $6 24. Nd4 $14) 24. Nd4 Qe4 25. Qe3 Bg4 $15) 22... Qxc4 $5 {The tactics
behind this move is rather colourful, black is ready to give up his queen for
piece play.} (22... Qc7 23. g3 Bd6 $15) 23. Rxd7 (23. Qxc4 Rxc4 24. Bxb7 (24.
Rxc4 Bxc4 25. Nd2 exf4 26. Bxf4 Bc5+ 27. Kh1 Bb5 28. gxh3 Nf8 $15) 24... Rb4
25. Bc5 Rxb7 26. Bxe7 Rdb8 $17) 23... Rxd7 (23... Qxc3 24. Rxd8+ Bxd8 25. bxc3
exf4 26. Bxf4 Bxb3 27. Bxb7 Rc5 28. Bxa6 Rxa5 $15) 24. Qxe5 Bf6 (24... Qxb3 $6
25. Rxc8+ Bd8 (25... Bf8 26. Rxf8+ $1 Kxf8 27. Qb8+ Ke7 28. Bc5+ $18) 26. Bd4
$14) 25. Rxc4 Bxc4 26. Qh5 $2 {[%mdl 16384] The queen on the board has a very
special appeal so Kashtanov's decision is understandable. Unfortunately his
choice is wrong, since the joined black forces will become too active.} (26.
Qf5 $1 Be6 27. Qe4 Bxb3 28. Bg4 Bc2 (28... Re7 29. Qxe7 Bxe7 30. Bxc8 hxg2 31.
Bxb7 Bb4 32. Bb6 Bc4 33. Kxg2 $16) 29. Qb4 (29. Qf3 Bd1 30. Qxh3 Bxg4 31. Qxg4
Rdc7 $15) 29... Be7 30. Bxd7 (30. Qe1 f5 31. Bb6 Rc6 $15) 30... Bxb4 31. Bxc8
hxg2 32. Bxb7 Bxa5 $11) 26... Bxb3 27. Bg4 Rd5 28. Qxh3 (28. Qxd5 Bxd5 29. Bxc8
Bxg2 $17) 28... Rc2 29. Qf3 (29. Qg3 Rxa5 30. h3 Rxb2 $19) 29... Rxa5 30. h3
Bd5 $1 {Survival for white is moved beyond the wildest dreams, he can claim no
counterplay.} 31. Qd1 Rxg2+ 32. Kf1 Rh2 33. Qe1 (33. Bf2 Bxb2 $19) 33... Ra2
34. Qd1 Bg2+ (34... Bc6 35. Bd4 Bxd4 36. Qxd4 Ra1+ 37. Bd1 Rxd1+ 38. Qxd1 Rh1+
39. Ke2 Bf3+ $19) 35. Ke2 Be4+ 36. Bf2 (36. Kf1 Raxb2 $19) 36... Rxb2+ 37. Ke3
Bc6 38. Be1 Rh1 0-1

[Event "Bundesliga 0506"]
[Site "Germany"]
[Date "2005.11.12"]
[Round "3.3"]
[White "Baramidze, David"]
[Black "Sprenger, Jan Michael"]
[Result "1-0"]
[WhiteElo "2542"]
[BlackElo "2505"]
[Annotator "Ftacnik,L"]
[PlyCount "83"]
[EventDate "2005.10.21"]
[EventType "team-tourn"]
[EventRounds "15"]
[EventCountry "GER"]
[SourceTitle "CBM 110"]
[Source "ChessBase"]
[SourceDate "2006.01.31"]
[SourceVersion "1"]
[SourceVersionDate "2006.01.31"]
[SourceQuality "1"]
[WhiteTeam "Solingen"]
[BlackTeam "Godesberg"]
[WhiteTeamCountry "GER"]
[BlackTeamCountry "GER"]

1. e4 c5 2. Nf3 d6 3. d4 cxd4 4. Nxd4 Nf6 5. Nc3 a6 6. f3 e5 7. Nb3 Be6 8. Be3
Nbd7 9. g4 Nb6 10. g5 Nh5 11. Qd2 Rc8 12. O-O-O Be7 13. Rg1 O-O 14. Kb1 g6 15.
Qf2 Nc4 16. Bxc4 Bxc4 17. Na4 Be6 18. Nb6 Rc7 (18... Rb8 19. c4 f5 20. gxf6
Rxf6 21. c5 Nf4 22. cxd6 Bxd6 23. Qd2 Bc7 24. Qc2 Bd6 25. Bc5 Bxb3 26. Qxb3+
Kg7 27. Nc4 Bxc5 28. Rxd8 Rxd8 {1/2-1/2 Acs,P-Baramidze,D/Germany 2005/ (45)})
19. Nd5 {Baramidze comes with a new move in the line, where white is still
struggling to get any noteworthy advantage.} (19. Qd2 Rc6 20. Nd5 Bxd5 21. exd5
(21. Qxd5 Qc8 22. Rd2 Bd8 23. Nc1 {1/2-1/2 Adams,M-Grischuk,A/Wijk aan Zee
2005/}) 21... Rc8 22. Qd3 Qd7 23. c4 f6 24. gxf6 Rxf6 25. Nd2 Rf7 26. Rc1 (26.
c5 Rd8 27. cxd6 Bxd6 28. Bg5 Rdf8 29. Bh6 Nf4 30. Qb3 Rd8 31. Bxf4 Rxf4 32. Ne4
{1-0 Bacrot,E-Lautier,J/Aix les Bains 2003/ (54)}) 26... Qf5 27. Rc3 b5 28. b3
Qh3 29. Rgc1 bxc4 30. Rxc4 Ra8 {0-1 Leko,P-Anand,V/Dortmund 2003/ (46)}) (19.
h4 Qe8 20. Nd5 Bxd5 21. Rxd5 f6 22. Qg2 (22. Nd2 fxg5 23. hxg5 Nf4 24. Bxf4
Rxf4 25. Rd3 Bf8 26. Qb6 {1/2-1/2 Leko,P-Akopian,V/Wijk aan Zee 2004/ (40)})
22... fxg5 23. hxg5 Qf7 24. Nd2 {1/2-1/2 Pavlov,M-Shtyrenkov,V /Alushta 2003/})
19... Bxd5 (19... Rc8 $5 20. Qd2 Bxd5 21. Qxd5 Qc7 22. c3 Qc6 $13) 20. Rxd5 Qe8
(20... f5 21. Bb6 fxe4 22. Qe1 $1 Nf4 (22... exf3 23. Qa5 $18) 23. Rd1 exf3 24.
Qa5 Ne6 25. Qd5 $16) 21. f4 exf4 {Sprenger could have probably equalized with
a fine move 21...f6! that keeps the parity in the position.} (21... f5 $2 22.
fxe5 fxe4 23. Qd2 dxe5 24. Rxe5 $16) (21... f6 $1 22. fxe5 (22. f5 fxg5 23. Rd3
gxf5 24. Bxg5 Kh8 25. Bxe7 Qxe7 26. exf5 Nf4 27. Rdg3 Qf6 $15) 22... fxe5 23.
Qg2 Qa4 $11) 22. Bxf4 Nxf4 (22... f5 23. Bxd6 Bxd6 24. Rxd6 fxe4 (24... Qxe4
25. Rgd1 Qg4 26. Nc5 Re8 $14) 25. Qd4 $14) 23. Qxf4 f6 24. gxf6 Bxf6 (24...
Rxf6 25. Qe3 Bf8 26. c3 $16) 25. Qxd6 Qxe4 26. Nc5 (26. Qxc7 Qxd5 $11) 26...
Qb4 $2 {[%mdl 64] Surprizingly enough this move will turn out to be quite
false, the tactics was saving black after the correct move 26...Qc4!} (26...
Qc4 $1 27. Qxc7 (27. Qe6+ Kh8 28. Rd8 Qxe6 29. Rxf8+ Qg8 30. Rxg8+ Kxg8 $15)
27... Qxd5 28. Nd3 (28. Nd7 Bd4 $17) 28... Qc6 $11) 27. c3 $1 Bxc3 (27... Qc4
28. Ne6 Rcc8 29. Nxf8 Qe4+ 30. Ka1 Rxf8 31. Rdd1 $16) 28. Qe6+ Kh8 (28... Rff7
29. Nd3 Qe7 30. Qxe7 Rfxe7 31. bxc3 Rxc3 32. Rg2 $16) 29. Nd3 Qc4 (29... Rc6
30. Nxb4 Rxe6 31. bxc3 Re2 32. Rd7 a5 33. Nd5 b5 34. Rb7 $18) 30. Rc1 $1 {
The refutation was far from trivial, but black now has to lose the piece for
the unsufficient compensation.} Qc6 (30... Rc6 31. Qe7 Rcf6 32. Rd8 $18) 31.
Qxc6 Rxc6 (31... bxc6 32. Rxc3 Rf1+ 33. Kc2 cxd5 34. Rxc7 Rh1 35. Rd7 Rxh2+ 36.
Kc3 $18) 32. Rxc3 Rxc3 33. bxc3 Rf1+ 34. Nc1 (34. Kb2 Rh1 35. Rd8+ Kg7 36. Rd7+
Kg8 37. Rxb7 Rxh2+ 38. Kb3 $18) 34... Rf2 35. Rd8+ Kg7 36. Rd7+ Kh6 37. Rxb7
Rxh2 38. c4 Rh4 {Black must try to slow down advance of the white c pawn,
since his own candidates for promotion are not quick enough.} (38... g5 39. c5
Kg6 40. c6 Rh4 41. Rb2 Rc4 42. Rc2 Rb4+ 43. Nb3 Rb8 44. c7 Rc8 45. Nd2 Kf6 46.
Rc5 g4 47. Nc4 g3 48. Nb6 g2 49. Rc1 Rxc7 50. Nd5+ $18) 39. c5 Rc4 40. Nd3 g5
41. Rb4 Rc3 (41... Rxb4+ 42. Nxb4 g4 43. Nc2 g3 44. Ne3 Kg5 45. c6 Kf4 46. Ng2+
Kf3 47. c7 $18) 42. Rd4 (42. Rd4 g4 43. Kb2 $18) 1-0

[Event "Sufe Cup"]
[Site "Shanghai"]
[Date "2000.03.07"]
[Round "5"]
[White "Xie, Jun"]
[Black "Zhang, Zhong"]
[Result "0-1"]
[WhiteElo "2542"]
[BlackElo "2611"]
[Annotator "Ftacnik,L"]
[PlyCount "60"]
[EventDate "2000.03.03"]
[EventType "tourn"]
[EventRounds "13"]
[EventCountry "CHN"]
[EventCategory "13"]
[SourceTitle "CBM 076"]
[Source "ChessBase"]
[SourceDate "2000.05.31"]
[SourceVersion "1"]
[SourceVersionDate "2000.05.31"]
[SourceQuality "1"]

1. e4 c5 2. Nf3 d6 3. d4 cxd4 4. Nxd4 Nf6 5. Nc3 a6 6. f3 e5 7. Nb3 Be6 8. Be3
h5 9. Qd2 Nbd7 10. O-O-O b5 11. Kb1 Be7 12. g3 (12. Qf2 Rc8 (12... Rb8 13. h3
h4 14. Bd3 Nb6 15. f4 Qc7 16. Bc1 Na4 17. Ne2 Nd7 18. g3 Ndb6 19. gxh4 Bxh4 20.
Qf3 {1-0 Manakov,I-Prosunchikov,G/St Petersburg/2000/ (45)}) 13. g3 Rxc3 14.
bxc3 Qc7 15. h3 d5 16. Bd3 dxe4 17. fxe4 a5 18. g4 a4 19. Nc1 Qxc3 20. Bd2 Qc6
21. Qe2 O-O 22. gxh5 Nc5 {0-1 Pikula,D-Nemet,I/Baden/1998/ (29)}) 12... Nb6 (
12... Qc7 13. f4 Nb6 14. Bxb6 Qxb6 15. Bg2 O-O 16. Nd5 Bxd5 17. exd5 exf4 18.
gxf4 Ng4 19. Nd4 Bh4 20. Nf5 Bf6 21. Rde1 {1-0 Gaponenko,I-Paehtz,E/Elista/
1998/ (48)}) 13. Bxb6 (13. Qf2 $5 Nfd7 14. f4 $14) 13... Qxb6 14. Nd5 Bxd5 (
14... Nxd5 15. exd5 Bd7 16. f4 Bf6 $11) 15. exd5 a5 {Black seems to be on a
good track of getting serious initiative on the queenside.} 16. Qd3 Rb8 17. Bh3
a4 18. Nd2 (18. Nc1 b4 19. Qc4 O-O $13) 18... Qc5 19. Ne4 (19. Rhe1 a3) 19...
Nxe4 20. fxe4 (20. Qxe4 a3 $1 $40) 20... Bg5 21. Rhf1 b4 22. Qa6 O-O 23. Qc6 (
23. Qxa4 $5 Ra8 24. Qb3 Ra7 25. Rf5 Bf6 26. Bf1 Rfa8 $13) 23... Qe3 24. Qxd6 (
24. Qxa4 Qxe4 $11) 24... b3 $1 {[%mdl 128] Opposite coloured bishops are a
great help in attacks against the enemy king, black's threats are obviously
dangerous.} 25. cxb3 (25. Qc7 Qxe4 26. Bf5 bxa2+ 27. Kxa2 Qb4 $15) 25... axb3
26. Rxf7 (26. Ka1 Rb6 27. Qxe5 Ra8 $19) 26... Qe2 $1 {Instead of defending
directly black believes in the strength of his attack.} (26... Rxf7 $2 27.
Qxb8+ Kh7 28. Qxb3 $18) 27. Rxf8+ Rxf8 28. Rg1 (28. Be6+ Kh7 $19) 28... Qc2+
29. Ka1 Ra8 $1 30. a3 Bc1 (30... Bc1 31. Qxe5 Rxa3+ 32. bxa3 Qa2#) 0-1

[Event "FIDE-Wch"]
[Site "San Luis"]
[Date "2005.10.08"]
[Round "9"]
[White "Svidler, Peter"]
[Black "Kasimdzhanov, Rustam"]
[Result "1/2-1/2"]
[WhiteElo "2738"]
[BlackElo "2670"]
[Annotator "Ftacnik,L"]
[PlyCount "67"]
[EventDate "2005.09.28"]
[EventType "tourn"]
[EventRounds "14"]
[EventCountry "ARG"]
[EventCategory "20"]
[SourceTitle "CBM 110"]
[Source "ChessBase"]
[SourceDate "2006.01.31"]
[SourceVersion "1"]
[SourceVersionDate "2006.01.31"]
[SourceQuality "1"]

1. e4 c5 2. Nf3 d6 3. d4 cxd4 4. Nxd4 Nf6 5. Nc3 a6 6. f3 e5 7. Nb3 Be6 8. Be3
Be7 9. Qd2 O-O 10. O-O-O Nbd7 11. g4 b5 12. g5 b4 13. Ne2 Ne8 14. Ng3 (14. f4
a5 15. f5 a4 16. fxe6 axb3 17. exf7+ Rxf7 18. Kb1 $1 bxc2+ 19. Kxc2 Nb6 20. Nc1
d5 21. exd5 Nd6 22. Kb1 Nbc4 $11) 14... a5 15. Kb1 a4 16. Nc1 Qb8 {The line is
very sharp and not without dangers for white.} (16... Nc7 17. f4 exf4 18. Bxf4
b3 19. Nf5 Nd5 $6 20. Nxe7+ Nxe7 21. Bxd6 $16 {Inarkiev,E-Loginov,V/RUS-ch 58
sf/2005/}) 17. f4 (17. Nf5 Bd8 $1 18. Nxd6 b3 19. Nc4 (19. cxb3 axb3 20. axb3
Ba5 21. Qd3 Nc7 22. h4 Bb4 {Solovjov - Loginov/St Petersburg/2004/}) 19...
bxa2+ 20. Nxa2 Be7 21. Qc3 Nc7 {Bologan - Smeets/Warsaw/2005/}) 17... exf4 18.
Bxf4 b3 19. cxb3 axb3 20. a3 Qb7 (20... Bd8 21. Nf5 Nc5 22. Qd4 Qc8 $6 (22...
Bc7) 23. Bxd6 (23. Nxd6 Nxd6 24. Bxd6 Bg4) 23... Nxe4 $1 24. Bxf8 Kxf8 25. Bd3
Nc5 26. Ng3 Bxg5 {1/2-1/2 Anisimov,P-Loginov,V/St Petersburg 2002/ (40)}) 21.
Nce2 (21. Nf5 Nc5 $5 (21... Bxf5 22. exf5 Qxh1 23. Bg2 Qxd1 24. Qxd1) (21...
Qxe4+ 22. Bd3 Bxf5 23. Bxe4 Bxe4+ 24. Ka1 Bxh1 25. Rxh1 Nc5 26. Be3 $16) 22.
Bg2 Ra4 $13) 21... Bd8 22. Nd4 Ba5 23. Qe2 Nc5 24. Bg2 Bc3 $1 {Black can
afford very original sacrifice adding yet more pressure against the queenside
castling position.} 25. e5 (25. bxc3 Rxa3 26. Bc1 Ra2 27. Rd2 Na4 $19) (25. Nb5
Bxb2 $1 26. Bxd6 (26. Kxb2 Na4+ 27. Kb1 Qxb5 $1 28. Qxb5 Nc3+ 29. Kb2 Nxb5 $17)
26... Nxd6 27. Nxd6 Be5 $3 28. Nxb7 Rxa3 29. Qb2 (29. Kc1 Bc3 30. Qb2) 29...
Bxb2 30. Kxb2 (30. Nxc5 $2 Bc3) 30... Ra2+ 31. Kb1 Nxb7 $19) (25. Nxe6 fxe6 26.
Bxd6 $1 Nxd6 27. e5 Qa6 $1 (27... Qa7 28. Bxa8 $18) 28. Qxa6 (28. Bxa8 $2 Nb5
$1 29. Rhf1 Rxa8 30. Qf3 Qa7 31. Nf5 Ne4 $1 (31... exf5 $2 32. Qd5+) 32. Qxe4
Nxa3+ 33. Kc1 (33. bxa3 Qxa3 34. Ne7+ Kh8 $19) 33... Nc4 $19) (28. exd6 $2 Qxa3
$1 29. bxa3 Rxa3 30. Qb2 Bxb2 31. Kxb2 Ra2+ 32. Kc3 Rxg2) 28... Rxa6 29. exd6
Rf2 $1 30. bxc3 Na4 31. Ne4 Rxg2 (31... Rb2+) 32. d7 Rb2+ $11) (25. Bc1 $5 $13)
25... d5 26. Qb5 (26. Qe3 Bxb2 $1 27. Kxb2 Qa6 28. Ra1 Nd3+ $40) (26. Ndf5 Na4
$1 27. Rxd5 $5 Bxf5+ 28. Nxf5 Bxb2 29. Rd3 Qa6 30. Qf3 Nc7 $15) 26... Qc7 (
26... Qa7 $1 27. Nc6 (27. Nxb3 Na4) (27. Nge2 Bxb2) (27. Bc1 Nc7 28. Qe2 Bxd4
29. Rxd4 Ne4 $17) 27... Qxa3 $1 28. bxa3 Rxa3 29. Qxb3 Rxb3+ 30. Kc2 Nc7 31.
Be3 (31. Ne7+ Kh8 32. Nxd5 Nb5 $1 $40) 31... Rb2+ 32. Kxc3 Na4+ 33. Kd3 Rxg2
34. Bd4 Ra8 $17) 27. Nge2 (27. bxc3 Rxa3 28. Nc6 Ra6 $1 (28... Na4 29. Rd3 Ra2
30. Bc1) 29. Qxc5 (29. Nb4 Ra5 30. Qc6 Qa7 $19) 29... Rxc6 30. Qa3 Rxc3 31. Rc1
Qc4 $17) 27... Bd7 $1 {[%mdl 64] The queen is trapped but the defensive
resource obvious, position is extremely charged with tactics.} 28. e6 (28. Nc6
$5 Ra5 $1) 28... Bxb5 29. Bxc7 Bxd4 (29... Bd3+ 30. Rxd3 Nxd3 31. e7 (31. Bg3
$1) 31... Bxd4 (31... Bxb2 32. exf8=Q+ Kxf8 33. Rd1 Nf2 34. Rd2 Bxd4 35. Nxd4
Nxc7 36. Rxf2 Rxa3) 32. exf8=Q+ Kxf8 33. Bxd5 Rc8 34. Nxd4 Rxc7 35. Bxb3 $16) (
29... Nxc7 $2 30. Nxb5 Nxb5 31. exf7+ Kxf7 32. Bxd5+ Kg6 33. Bxa8 Rf2 $5 34.
Nxc3 Nxc3+ 35. bxc3 Na4 36. Rd6+ Kxg5 (36... Kf7 37. Bd5+ Ke7 38. Re6+ Kd8 39.
Bxb3 $18) 37. h4+ Kh5 38. Bf3+ $1 Rxf3 39. Rd4 Nxc3+ 40. Kb2 $18) 30. Nxd4 (30.
exf7+ Rxf7 31. Nxd4 (31. Bxd5 $2 Bxe2) 31... Bc4 $5 (31... Bd3+ 32. Rxd3 Nxd3
33. Bg3 Rd8 $13) 32. Bg3 Ne4 $11) 30... fxe6 (30... Nxc7 31. Nxb5 Nxb5 32.
exf7+ Rxf7 33. Bxd5 $13) (30... Nxe6 31. Nxb5 N8xc7 32. Nxc7 Nxc7 33. Bxd5 Nxd5
34. Rxd5 $11) 31. Nxb5 Nxc7 32. Nxc7 Rf2 $1 {Black is somin up with a
fascinating drawing idea.} 33. Nxa8 Na4 34. Rd3 {Svidler proposed a draw as
white can only lose by trying to avoid the perpetual check.} (34. Be4 $5 dxe4
35. Rd8+ Kf7 36. Rc8 Rxb2+ 37. Kc1 Ra2 38. Re1 $2 (38. Kb1 $11) 38... b2+ $1
39. Kc2 Ra1 40. Rb1 e3 $1 41. Rc7+ Kg6 42. Rc6 Kf5 43. Nc7 Rxb1 44. Kxb1 e2 45.
Rxe6 Nc3+ $1 46. Kxb2 Ne4 $19) 1/2-1/2

[Event "Elista FIDE GP"]
[Site "Elista"]
[Date "2008.12.23"]
[Round "9"]
[White "Jakovenko, Dmitrij"]
[Black "Kasimdzhanov, Rustam"]
[Result "1-0"]
[WhiteElo "2737"]
[BlackElo "2672"]
[Annotator "Ftacnik,L"]
[PlyCount "67"]
[EventDate "2008.12.14"]
[EventType "tourn"]
[EventRounds "13"]
[EventCountry "RUS"]
[EventCategory "19"]
[SourceTitle "CBM 128"]
[Source "ChessBase"]
[SourceDate "2009.01.28"]
[SourceVersion "1"]
[SourceVersionDate "2009.01.28"]
[SourceQuality "1"]

1. e4 c5 2. Nf3 d6 3. d4 cxd4 4. Nxd4 Nf6 5. Nc3 a6 6. Be3 e5 7. Nb3 Be7 8. Qd2
$5 {The English attack in the Sicilian without f2-f3; White is ready to part
with a bishop for the enemy knight.} O-O 9. O-O-O Ng4 (9... Be6 10. f4) 10. Kb1
Be6 11. g3 Nc6 12. f4 Nxe3 13. Qxe3 Rc8 {The exchange combination has cost the
defender relatively lot of time and weakened the control of the d5-square.} (
13... b5 14. Nd5 Rb8 15. Be2 a5 16. fxe5 Nxe5 $1 (16... Bg5 17. Qc3 Nxe5 18.
Qxa5) (16... dxe5 $2 17. Nf6+) 17. Nxe7+ Qxe7 18. Nxa5 Rfc8 19. Nb3 Qc7 20. Qc3
Qxc3 21. bxc3 {1-0 Sutovsky,E (2637)-Andriasian,Z (2523)/Dresden 2007 (52)})
14. Nd5 (14. h4 exf4 15. gxf4 Qc7 16. Rh2 (16. h5 $5 h6 17. Bh3 Bf6 18. Rhg1
$14) 16... Bf6 17. Nd5 Bxd5 18. Rxd5 Rfe8 19. a3 Qe7 20. Bd3 Qc7 21. h5 Ne7 22.
Ra5 h6 {0-1 Zhigalko,A (2545)-Kovacevic,A (2616)/Plovdiv 2008 (37)}) 14... Bxd5
$6 {Kasimdzhanov felt that he could not tolerate the enemy knight on d5 any
longer, but this controversial swap will cost Black a lot of grief and sorrow.}
(14... a5 15. Nb6 Rb8 $13) 15. exd5 exf4 (15... Nd4 16. fxe5 (16. Nxd4 exd4 17.
Rxd4 Bf6 18. Re4 Rc5 19. Qb3 b5 20. Bg2 $16) 16... Nxb3 17. exd6 Qxd6 18. Qxb3
Bf6 19. c3 b5 20. Bh3 $16) 16. gxf4 (16. Qe4 Ne5 17. gxf4 f5 18. Qb4 Ng4 $14)
16... Nb8 17. Bd3 (17. Bh3 Nd7 18. Rhe1 Bf6 19. c3 g6 $14) 17... Nd7 (17... Bf6
18. Qe4 $1 g6 19. h4 Re8 20. Qg2 Nd7 $14) 18. Qe4 g6 $6 {Another move, that
has gained critical appreciation. The defender is relaying on a model build up
with a dark squared bishop and a pawn chain on light ones. Unfortunately
Jakovenko's attack can be promoted in no time.} (18... Nf6 19. Qf3 Re8 20. c3
g6 21. Rhe1 $14) 19. h4 $1 Bf6 (19... Bxh4 $6 20. Qg2 Bf6 21. Qh3 h5 22. f5 Ne5
23. fxg6 fxg6 24. Bxg6 $1 $16) (19... Nf6 20. Qf3 Nh5 $5 $11) 20. h5 Bg7 (20...
Re8 21. Qg2 Re3 22. hxg6 hxg6 23. Bxg6 $5 fxg6 24. Qxg6+ Bg7 25. Qh7+ Kf7 26.
Nd4 Qf6 27. Qh5+ Kf8 28. c3 Rce8 29. Rdg1 $14) 21. hxg6 hxg6 (21... fxg6 22.
Qe6+ Rf7 23. f5 $1 Nf8 24. Qe3 Qe7 25. Qh3 Re8 26. c3 $16) 22. c3 {[%mdl 128]
White feels that is is necessary to build a barrier against the impact of the
g7-bishop in order to continue his own attack.} (22. Qg2 Qf6 23. c3 Rfe8 (23...
Qxf4 24. Qh3 Nf6 25. Bxg6 $1 $18) 24. f5 Ne5 25. fxg6 Nxd3 26. gxf7+ Qxf7 27.
Rxd3 Qf5 28. Qg3 $16) 22... Qf6 23. Nd4 (23. Qg2 $5) 23... Rfe8 (23... Nc5 $1
24. Qf3 Nxd3 25. Rxd3 Rfe8 26. f5 Re5 $14) 24. Qf3 Nb6 {Black's counterplay is
very slow and the awkward knight move does not spoil anything.} (24... Nc5 25.
Bc2 Qe7 26. f5 Qe3 27. Qf1 $16) 25. f5 g5 (25... Nc4 26. Qh3 g5 27. Ne6 $1 fxe6
28. fxe6 $18) (25... Qg5 26. fxg6 fxg6 27. Qh3 Nxd5 28. Qh7+ Kf8 29. Rdg1 $18)
26. Rdg1 Re5 27. Qh5 (27. Rh5 Rce8 28. Rgxg5 (28. Rhxg5 Re1+ 29. Kc2 Rxg1 30.
Rxg1 $16) 28... Kf8 (28... Re3 29. Qg2 Rxd3 30. Rxg7+ Qxg7 31. Rg5 $18) 29.
Ne6+ $1 fxe6 30. Rg6 Qf7 31. f6 Nxd5 32. Rxe5 dxe5 33. fxg7+ Ke7 34. Qe4 Rg8
35. Qxe5 $18) 27... Kf8 28. Nf3 {The attacker has the whole army at his
disposal, but the biggest damage can probably be inflicted by the unpleasantly
mobile knight.} (28. Rxg5 Nxd5 29. Rhg1 Nf4 30. Qf3 Nxd3 31. Qxb7 $1 (31. Qxd3
Re1+ $1 32. Rxe1 Qxg5 $16) 31... Rce8 32. Rxg7 Re1+ 33. Kc2 $1 Rxg1 34. Rxg1
Qe5 35. Qh1 $1 Nb4+ $1 36. Kb1 Qe4+ 37. Qxe4 Rxe4 38. Rd1 $16) 28... Rxc3 $6 {
The defender is using extreme measures as the counterplay along the a1-h8
diagonal represents the last chance.} (28... Nxd5 29. Nxe5 (29. Nxg5 Nxc3+ $1
30. Ka1 (30. bxc3 $2 Rb5+ 31. Bxb5 Qxf5+ $19) 30... Ra5 $1 31. Nh7+ Ke7 32. a3
Qe5 33. Qg5+ (33. f6+ Bxf6 34. Re1 Ne4 35. Rxe4 Qxe4 36. Bxe4 Rxh5 37. Rxh5 Be5
$16) (33. Re1 $4 Rxa3+ 34. bxa3 Ne4+ $19) 33... Bf6 34. Qxf6+ Qxf6 35. Nxf6
Kxf6 36. Rc1 $16) 29... Qxe5 30. Qxg5 Nxc3+ $1 31. bxc3 Qxc3 32. Qxg7+ $16) (
28... Rxd5 29. Nxg5 Ke8 30. Ne4 Qe5 31. Qe2 $18) 29. Nxe5 (29. Nxg5 $5 Rxd3 30.
Nh7+ Ke7 31. Nxf6 Bxf6 $18) 29... Rc7 (29... Qxe5 30. Qxg5 Rxd3 (30... Rc8 31.
Rg2 $18) 31. Qd8+ Qe8 32. Qxd6+ Qe7 33. Qb8+ Qe8 34. Rh8+ $1 Bxh8 35. Rg8+ Kxg8
36. Qxe8+ Kg7 37. f6+ $1 Kxf6 38. Qxh8+ $18) 30. Qxg5 Qxg5 31. Ng6+ $1 {
Quite an impressive move. White is taking great pains in order to avoid hard
technical converting of the spare exchange.} (31. Rxg5 $2 Bxe5 $16) 31... Qxg6
(31... fxg6 32. Rxg5 gxf5 33. Rxf5+ Ke8 34. Rh7 $18) 32. fxg6 Nxd5 33. gxf7 Nf4
(33... Kxf7 34. Rc1 $1 Rxc1+ (34... Re7 $2 35. Bc4 $18) 35. Rxc1 $18) (33...
Rxf7 34. Bc4 Rf5 35. Rh7 $18) 34. Rxg7 $1 {The little combination speeds up
the decision. White's attack has been fully vindicated in the end.} (34. Rxg7
$1 Kxg7 35. Rh7+ Kf8 36. Rh8+ Kxf7 37. Rh7+ $18) 1-0